| 000 | 00718nam a2200181Ia 4500 | ||
|---|---|---|---|
| 008 | 100920s9999 xx 000 0 und d | ||
| 082 |
_b86967 _a24 न 02 |
||
| 100 | _aगुप्ता रविचन्द्र. | ||
| 245 | _aकुर्बानी अनजान शहीदों की. | ||
| 260 |
_bसूचना और प्रसारण मन्त्रालय, भारत सरकार. _c2002 |
||
| 300 |
_a75 _bसाधी |
||
| 365 | _b30 | ||
| 520 | _aसायो. | ||
| 630 | _aकुर्बानी अनजान शहीदों की. | ||
| 650 | _aसायो. | ||
| 730 | _aकुर्बानी अनजान शहीदों की. | ||
| 942 | _cBOOK | ||
| 999 |
_c727477 _d727474 |
||